Reporting a typologie reportů

Pojem reporting. Fakory, ktoré ovplyvňujú typológiu reportov. Prehľad typov reportov.

Gespeichert in:
Bibliographische Detailangaben
1. Verfasser: Čermáková, Helena
Weitere Verfasser: Rain, Tomáš
Format: Buchkapitel
Sprache:Tschechisch
Schlagworte:
Tags: Tag hinzufügen
Keine Tags, Fügen Sie das erste Tag hinzu!

MARC

LEADER 00000naa a2200000 4500
001 0239523
005 20220714120353.5
041 0 |a cze 
044 |a CZ 
245 1 0 |a Reporting a typologie reportů  |c Helena Čermáková, Tomáš Rain 
520 |a Pojem reporting. Fakory, ktoré ovplyvňujú typológiu reportov. Prehľad typov reportov. 
610 2 0 |a reporting 
610 2 0 |a podnik malý 
610 2 0 |a podnik stredný 
610 2 0 |a systémy informačné 
610 2 0 |a systémy informačné podnikové 
610 2 0 |a účtovníctvo finančné 
100 1 |a Čermáková, Helena 
700 1 |a Rain, Tomáš